ბათუმის შოთა რუსთაველის სახელმწიფო უნივერსიტეტის ბიბლიოთეკა

აჭარის თანამედროვე მხატვრობა = Modern painting of Ajara : (ბიბ.ჩანაწერი № 39298)

000 -ლიდერი
ფიქსირებული სიგრძის საკონტროლო ველი 01183nam a2200253Ia 4500
001 - საკონტროლო ნომერი
საკონტროლო ველი 5884
003 - საკონტროლო ნომრის იდენტიფიკატორი
საკონტროლო ველი GE_BSU
005 - ბოლო ოპერაციის თარიღი და დრო
საკონტროლო ველი 20191029104130.0
008 - ფიქსირებული სიგრძის მონაცემთა ელემენტები - ზოგადი ინფორმაცია
ფიქსირებული სიგრძის საკონტროლო ველი 181216s2012||||ge |||||||||||||| ||geo||
020 ## - წიგნის საერთაშორისო სტანდარტული ნომერი
International Standard Book Number 9789941039454
040 ## - კატალოგიზაციის წყარო
Transcribing agency GE_BSU
041 ## - ენის კოდი
Language code of text/sound track or separate title geo
080 ## - უნივერსალური ათობითი კლასიფიკაციის ინდექსი
Universal Decimal Classification number 75(479.223)(084.1) ა-97
245 ## - ცნობა სათაურის შესახებ
Title აჭარის თანამედროვე მხატვრობა = Modern painting of Ajara :
Remainder of title ალბომი /
Statement of responsibility, etc პროექტის ავტორი გიორგი ჯანბერიძე.
264 ## - წარმოების, გამოცემის, დისტრიბუციის და სხვა ცნობები
გამოცემის, წარმოების, დისტრიბუციის... ადგილი ბათუმი :
გამოცემის, წარმოების, დისტრიბუციის... სახელწოდება "სეზანი",
გამოცემის, წარმოების, დისტრიბუციის... თარიღი 2012.
300 ## - ფიზიკური აღწერა
Extent 104 გვ. :
Other physical details ილ. ;
Dimensions 30 სმ.
500 ## - ზოგადი შენიშვნა
General note თავფურ. და ტექსტი ქართ. და ინგლ.
653 ## - INDEX TERM--UNCONTROLLED
Uncontrolled term აჭარელი მხატვრების ალბომები
653 ## - INDEX TERM--UNCONTROLLED
Uncontrolled term ალბომი
700 ## - ADDED ENTRY--PERSONAL NAME
Personal name ჯანბერიძე, გიორგი
Relator term პროექტის ავტორი
9 (RLIN) 5048
710 ## - ADDED ENTRY--CORPORATE NAME
Corporate name or jurisdiction name as entry element აჭარის განათლ., კულტ. და სპორტის სამინისტრო
9 (RLIN) 5049
942 ## - ADDED ENTRY ELEMENTS (KOHA)
Koha item type წიგნი
Source of classification or shelving scheme
ეგზემპლარები
ჩამოწერის სტატუსი დაკარგული ეგზემპლარის სტატუსი კლასიფიკაციის წყარო ან თაროზე გაწყობის სქემა დაზიანების სტატუსი არ გაიცემა მუდმივი მდებარეობა (დაცვის ადგილი) ამჟამინდელი ადგილსამყოფელი თაროზე განთავსების ადგილი შეძენის თარიღი ღირებულება, შესყიდვის ნორმალური ფასი სრული შენახვის შიფრი შტრიხკოდი ბოლო ოპერაციის თარიღი ეგზემპლარის მიმდევრობითი ნომერი (კეტერი?) ფასის ძალაში შესვლის თარიღი ეგზემპლარის სახეობა საჯარო შენიშვნა
          ბათუმის შოთა რუსთაველის სახელმწიფო უნივერსიტეტის მთავარი ბიბლიოთეკა ბათუმის შოთა რუსთაველის სახელმწიფო უნივერსიტეტის მთავარი ბიბლიოთეკა წიგნსაცავი 2018-12-17 14.20 75(479.223)(084.1) ა-97 6543 2018-12-17 6543 2018-12-17 წიგნი 14 ლ., 20 თ.
          ბათუმის შოთა რუსთაველის სახელმწიფო უნივერსიტეტის მთავარი ბიბლიოთეკა ბათუმის შოთა რუსთაველის სახელმწიფო უნივერსიტეტის მთავარი ბიბლიოთეკა წიგნსაცავი 2018-12-17 14.20 75(479.223)(084.1) ა-97 6544 2018-12-17 6544 2018-12-17 წიგნი 14 ლ. 20 თ.
          ბათუმის შოთა რუსთაველის სახელმწიფო უნივერსიტეტის მთავარი ბიბლიოთეკა ბათუმის შოთა რუსთაველის სახელმწიფო უნივერსიტეტის მთავარი ბიბლიოთეკა წიგნსაცავი 2018-12-17 14.20 75(479.223)(084.1) ა-97 6545 2018-12-17 6545 2018-12-17 წიგნი 14 ლ. 20 თ.
          ბათუმის შოთა რუსთაველის სახელმწიფო უნივერსიტეტის მთავარი ბიბლიოთეკა ბათუმის შოთა რუსთაველის სახელმწიფო უნივერსიტეტის მთავარი ბიბლიოთეკა წიგნსაცავი 2018-12-17 14.20 75(479.223)(084.1) ა-97 6546 2018-12-17 6546 2018-12-17 წიგნი 14 ლ. 20 თ.
          ბათუმის შოთა რუსთაველის სახელმწიფო უნივერსიტეტის მთავარი ბიბლიოთეკა ბათუმის შოთა რუსთაველის სახელმწიფო უნივერსიტეტის მთავარი ბიბლიოთეკა წიგნსაცავი 2018-12-17 14.00 75(479.223)(084.1) ა-97 6547 2018-12-17 6547 2018-12-17 წიგნი 14 ლ. 20 თ.